The Christian missionaries in coastal Maharastra : (Record no. 95020)

MARC details
000 -LEADER
fixed length control field 00743nam a22002057a 4500
005 - DATE AND TIME OF LATEST TRANSACTION
control field 20150813112304.0
010 ## - LCCN (DPL NO)
LC control number ENG-113515
020 ## - INTERNATIONAL STANDARD BOOK NUMBER
Terms of availability 1350.00
International Standard Book Number 9789351480341
020 ## - INTERNATIONAL STANDARD BOOK NUMBER
Terms of availability 1350.00
International Standard Book Number 9351480348
035 ## - SYSTEM CONTROL NUMBER
System control number EN-97047
037 ## - SOURCE OF ACQUISITION
Source of stock number/acquisition DBAD/PUB
082 ## - DEWEY DECIMAL CLASSIFICATION NUMBER
Classification number 266.00954
100 ## - MAIN ENTRY--PERSONAL NAME
Personal name Khandpekar, Neeta M.
245 ## - TITLE STATEMENT
Title The Christian missionaries in coastal Maharastra :
Statement of responsibility, etc by Neeta M. Khandpekar
Remainder of title encapsuling their historical, social, educational, medical & literary endeavours /
260 ## - PUBLICATION, DISTRIBUTION, ETC. (IMPRINT)
Place of publication, distribution, etc New Delhi
Name of publisher, distributor, etc Christian World Imprints
Date of publication, distribution, etc 2015
270 ## - ADDRESS
Address H-12 Bali Nagar
City New Delhi
Postal code 110015
300 ## - PHYSICAL DESCRIPTION
Extent xxiv,374p.
Dimensions 24cm(Hb)
500 ## - GENERAL NOTE
General note Includes bibliographical references and index
942 ## - ADDED ENTRY ELEMENTS (KOHA)
Source of classification or shelving scheme Dewey Decimal Classification
Item type English Books
Call number suffix KHA
Classification part 266.00954
Holdings
Withdrawn status Lost status Not for loan Collection code Home library Current library Date acquired Source of acquisition Cost, normal purchase price Full call number Barcode Copy number Cost, replacement price Koha item type
    Not For Loan Non-fiction D.B.Act.Division D.B.Act.Division 17/07/2015 DBAD/PUB 1350.00 266.00954 KHA EN-97047 1 1350.00 English Books

© Delhi Public Library
Hit Counter
free hit counter